[Event "COL-ch deaf 2nd"]
[Site "Cali"]
[Date "2008.??.??"]
[Round "6.2"]
[White "Rodriguez, Gerardo Salvador"]
[Black "Valle, Celio"]
[Result "0-1"]
[WhiteElo "1600"]
[BlackElo "1600"]
[PlyCount "90"]
[EventDate "2008.10.25"]
[EventType "tourn"]
[EventRounds "7"]
[EventCountry "COL"]
[SourceTitle "EXT 2024"]
[Source "ChessBase"]
[SourceDate "2023.10.10"]
[SourceVersion "1"]
[SourceVersionDate "2023.10.10"]
[SourceQuality "1"]

1. e4 e5 2. Bc4 Nc6 3. c3 Nf6 4. d3 Be7 5. b4 a6 6. h3 0-0 7. a4 d6 8. Ne2 Kh8 9. Ng3 d5 10. exd5 Nxd5 11. 0-0 Be6 12. Bxd5 Qxd5 13. Qe2 Rad8 14. Rd1 f5 15. c4 Qd6 16. b5 Nd4 17. Qb2 e4 18. Be3 Bf6 19. Qa3 Qd7 20. Ra2 exd3 21. Qxd3 Nf3+ 22. gxf3 Qxd3 23. Rxd3 Rxd3 24. Nd2 g6 25. f4 Rfd8 26. Ne2 Be7 27. b6 cxb6 28. Nf3 Bxc4 29. Rc2 b5 30. Rxc4 bxc4 31. Ne5 Rd1+ 32. Kg2 b5 33. axb5 axb5 34. Nc3 R8d5 35. Kf3 Bb4 36. Nxd5 Rxd5 37. Nc6 Bf8 38. Bd4+ Kg8 39. Ke3 b4 40. h4 b3 41. Kd2 Rd6 42. Ne5 Rxd4+ 43. Kc3 Rxf4 44. Nxc4 Rxc4+ 45. Kxc4 b2 0-1